00279nam a22001097a 4500020001800000082001600018100002200034245004900056260004000105300000800145650001600153 a9789388162180 a361.954 SIN aSingh, Ajoy Kumar aSocial Work, Social Justice and Human Rights aNew DelhibInnovative Imprintc2018 a232 aSocial work